000
00316nam a22001337a 4500
020
_a
9788121906289
082
_a
621.8
_b
KHU/ME
100
_a
Khurmi, R.S
245
_a
Mechanical engineering
260
_a
New Delhi
_b
Eurasia Publishing house Pvt. ltd
_c
2012
300
_a
838p
700
_a
Gupta, J.K
942
_c
BK
999
_c
13918
_d
13918